Countries with most gold medals - Statistics

General Stats
  • This quiz has been taken 27 times
  • The average score is 8 of 9
Answer Stats
Answer % Correct
United states
100%
China
92%
Japan
92%
United Kingdom
92%
France
83%
Australia
79%
Canada
79%
Italy
79%
Soviet Union
75%
No matching quizzes found
Score Distribution
Percent of People with Each Score
Percentile by Number Answered
Your Score History
You have not taken this quiz